Statistiques concernant Tous les niveaux de New Super Mario Bros U

Cliquez ici pour prendre le quiz!

Statistiques générales

  • Ce quiz a été pris 18 fois
  • Le résultat moyen est 10 sur 91

Statistiques - réponses

MondeRéponses% Correct
Monde 8Château de Peach
67%
Monde 1Plaine du Grand Chêne
67%
Monde 3Mer Mentalo
58%
Monde 4Mont Sorbet
58%
Monde 5Jungle Cassis
50%
Monde 7Paradis Chantilly
50%
Monde 2Dunes de Miel
42%
Monde 1-1Au pied du Grand Chêne
33%
Monde 6Mines Candy
33%
Monde 8-Château 1Ascenseur pour Bowser
25%
Monde 3-ChâteauChâteau Torpille de Larry
25%
Monde 8-Château 2Le combat final
25%
Monde 4-HantéManoir bancal
25%
Monde 7-BateauA l'abordage
17%
Monde 9-3Baignade interdite
17%
Monde 9-9Carapaces fugaces
17%
Monde 6-ChâteauChâteau Chenille de Roy
17%
Monde 2-ChâteauChâteau Pilon de Morton
17%
Monde 7-ChâteauChâteau Rouage de Ludwig
17%
Monde 4-ChâteauChâteau Thwomp de Wendy
17%
Monde 1-ChâteauChâteau Tremblotte de Lemmy
17%
Monde 1-3Colline Yoshi
17%
Monde 3-HantéEpave hantée
17%
Monde 4-3Goomb'aïe aïe aïe
17%
Monde 5-SecretRaid aérien
17%
Monde 9Route de l'étoile
17%
Monde 1-TourTour Tic-Tac
17%
Monde 3-4Bassin aux Oursins
8%
Monde 9-8Château Fléau
8%
Monde 9-2Course effrénée
8%
Monde 6-1Fuzzy en folie
8%
Monde 9-7Jamais deux sans trois
8%
Monde 6-5La marche des Piranha
8%
Monde 5-2Marais toxique
8%
Monde 7-3Mont Vertigo
8%
Monde 4-2Pinglisse, roi de la glisse !
8%
Monde 3-1Plage Mentalo
8%
Monde 3-5Repaire de Dranguille
8%
Monde 5-5Ruines sous-marines
8%
Monde 2-1Sacrées cabroches !
8%
Monde 4-1Toundra sidérale
8%
Monde 7-TourTour casse-tête
8%
Monde 4-TourTour glaciale
8%
Monde 2-TourTour mouvante
8%
Monde 6-Tour 2Tour tournevis
8%
Monde 5-4Tuile sur toile
8%
Monde 1-2Tunnel Turbulent
8%
Monde 9-5Un pied dans la tourbe
8%
Monde 6-6Wagon frisson
8%
Monde 6-4Ascension à tâtons
0%
Monde 9-1Balade en serpentos
0%
Monde 4-4Balanciers et pentes givrées
0%
Monde 5-BateauBallet de canons
0%
Monde 5-6Billots en tête
0%
Monde 7-1Blocs célestes
0%
Monde 7-5Bulle funambule
0%
Monde 5-ChâteauChâteau Magma d'Iggy
0%
Monde 3-3Cheep Cheep en escadrille
0%
Monde 8-1Ciel de cendres
0%
Monde 2-4Désert aux geysers
0%
Monde 2-2Epiques Pokeys
0%
Monde 3-2Escale tropicale
0%
Monde 8-4 (Secret)Falaise ardente
0%
Monde 5-3Fonce, Alfronce !
0%
Monde 5-1Futaie futée
0%
Monde 6-7Grotte aux pistons
0%
Monde 4-5Grotte aux stalactites
0%
Monde 1-5Guérilla Piranha
0%
Monde 7-4Haute voltige
0%
Monde 2-SecretJardin d'hiver
0%
Monde 4-SecretLac aux Morsinets
0%
Monde 1-SecretL'antre secret des Bloups
0%
Monde 6-3Le nid de Dendinard
0%
Monde 5-HantéManoir froussard
0%
Monde 2-6Mauvaise graine
0%
Monde 1-4Mont Champignon
0%
Monde 8-2Océan de lave
0%
Monde 2-5Pluie de pierres
0%
Monde 5-7Rodéo à dos de Wiggler
0%
Monde 6-2Sauve Kipic !
0%
Monde 7-HantéSens dessus dessous
0%
Monde 7-6Serpent de pierre
0%
Monde 3-SecretSus au haricot !
0%
Monde 9-4Totalement marteau !
0%
Monde 3-TourTour barbelée
0%
Monde 5-TourTour des blocs serpent
0%
Monde 6-Tour 1Tour Mabroule
0%
Monde 2-3Tout feu tout flamme
0%
Monde 7-2Val à bascule
0%
Monde 9-6Vallée enflammée
0%
Monde 8-3Valse volcanique
0%

Distribution des résultats

Percentile par nombre de réponses

% des personnes avec chaque résultat

Votre développement - résultats

Vous n’avez pas pris ce quiz